Το ευρωπαϊκό σύνταγμα : βασικές καινοτομίες στη δομή και τη λειτουργία της Ευρωπαϊκής Ένωσης

Αποθηκεύτηκε σε:
Λεπτομέρειες βιβλιογραφικής εγγραφής
Κύριος συγγραφέας: Στεφάνου, Δημήτρης
Άλλοι συγγραφείς: Πετρουλάκης, Γιώργος, Παπαδημητρίου, Γιώργος Αλ., 1944-2009 (Συγγραφέας εισαγωγής κ.λπ.)
Μορφή: Βιβλίο
Γλώσσα:Greek
Δημοσίευση: Αθήνα : Παπαζήσης, 2005.
Σειρά:Διεθνής και ευρωπαϊκή πολιτική (Παπαζήσης)
Θέματα:
Ετικέτες: Προσθήκη ετικέτας
Δεν υπάρχουν, Καταχωρήστε ετικέτα πρώτοι!

MARC

LEADER 00000cam a2200000 i 4500
001 1/97137
008 081112s2005 gr | ||| |||| ||gre||
020 |a 9600218412 
035 |l 10101601 
040 |a GR-MY-UA  |b gre  |e aacr 
041 0 |a gre 
082 7 |a 342.4   |2 (22) 
100 1 |a Στεφάνου, Δημήτρης. 
245 1 3 |a Το ευρωπαϊκό σύνταγμα :   |b βασικές καινοτομίες στη δομή και τη λειτουργία της Ευρωπαϊκής Ένωσης /   |c Δημήτρης Στεφάνου, Γιώργος Πετρουλάκης ; πρόλογος: Γ. Παπαδημητρίου.  
260 |a Αθήνα :   |b Παπαζήσης,   |c 2005.  
300 |a 171 σ. ;   |c 21 εκ.  
490 1 |a (Διεθνής και ευρωπαϊκή πολιτική / Παπαζήσης) 
504 |a Περιλαμβάνει βιβλιογραφικές παραπομπές.  
610 2 0 |a European Union  |x Constitution. 
650 0 0 |a Constitutions  |z European Union countries. 
650 0 0 |a Constitutional law  |z European Union countries. 
700 1 |a Πετρουλάκης, Γιώργος. 
700 1 |a Παπαδημητρίου, Γιώργος Αλ.,   |d 1944-2009,  |e aui 
830 0 |a Διεθνής και ευρωπαϊκή πολιτική (Παπαζήσης) 
852 |a INST  |b RHODES  |e 20081112  |h 342.4 ΣΤΕ  |p 005400031372  |q 005400031372  |t BK  |y 0 
901 |a BIBL4-2008-3 
909 |a Ρ  |b 153645 
970 |a ΧΑΡΙΟΠΟΛΙΤΟΥ  |b ΚΩΝΣΤΑΝΤΙΝΑ  |z 2008/11/12